Crossover (Record no. 10322)

000 -LEADER
fixed length control field 00386nam a2200169Ia 4500
003 - CONTROL NUMBER IDENTIFIER
control field OSt
005 - DATE AND TIME OF LATEST TRANSACTION
control field 20220314174343.0
008 - FIXED-LENGTH DATA ELEMENTS--GENERAL INFORMATION
fixed length control field 220308s9999 xx 000 0 und d
020 ## - INTERNATIONAL STANDARD BOOK NUMBER
International Standard Book Number 9783791345222
082 ## - DEWEY DECIMAL CLASSIFICATION NUMBER
Classification number 624.1771
Item number BAL
100 ## - MAIN ENTRY--PERSONAL NAME
Personal name  Crossover Cecil Balmond 
245 #0 - TITLE STATEMENT
Title Crossover
260 ## - PUBLICATION, DISTRIBUTION, ETC. (IMPRINT)
Name of publisher, distributor, etc  Prestel (21 October 2013)
365 ## - TRADE PRICE
Price type code GBP
365 ## - TRADE PRICE
Unit of pricing 40
942 ## - ADDED ENTRY ELEMENTS (KOHA)
Source of classification or shelving scheme
Holdings
Withdrawn status Lost status Source of classification or shelving scheme Damaged status Koha normalized classification for sorting Not for loan Permanent location Current location Date acquired Source of acquisition Cost, normal purchase price Full call number Barcode Date last seen Cost, replacement price Price effective from Koha item type
        624_177100000000000_BAL   BMS College of Architecture, Design and Planning BMS College of Architecture, Design and Planning 2022-03-14 1 2998.80 624.1771 BAL AR-UG2488 2022-03-14 4284.00 2022-03-14 UG Books
Copyright © 2025, The Librarian, Library and Information Centre, BMSCA D&P, Bengaluru. All Rights Reserved
web counter

Powered by Koha